000 00604nam a2200181Ia 4500
008 151018s9999 xx 000 0 und d
082 _bRBASDV25878
_a891.468
100 _aना व्य देशपांडे
245 _aसरकार ते सरकार
250 _b1
260 _bपुणे प्रकाशन
_c1992
300 _a223
600 _aना व्य देशपांडे
630 _aसरकार ते सरकार
700 _aना व्य देशपांडे
730 _aसरकार ते सरकार
942 _cBOOK
999 _c1025488
_d1025485